MARC details
| 000 -CABECERA |
| campo de control de longitud fija |
01337nam a2200313 a 4500 |
| 001 - NÚMERO DE CONTROL |
| campo de control |
000022506 |
| 003 - IDENTIFICADOR DEL NÚMERO DE CONTROL |
| campo de control |
DO-SdBNP |
| 005 - FECHA Y HORA DE LA ÚLTIMA TRANSACCIÓN |
| campo de control |
20240927073747.0 |
| 007 - CAMPO FIJO DE DESCRIPCIÓN FÍSICA--INFORMACIÓN GENERAL |
| campo de control de longitud fija |
ta |
| 008 - DATOS DE LONGITUD FIJA--INFORMACIÓN GENERAL |
| campo de control de longitud fija |
101012s1992 sp ac r 000 0cspa d |
| 020 ## - NÚMERO INTERNACIONAL ESTÁNDAR DEL LIBRO |
| ISBN cancelado o inválido |
8449926548 |
| 040 ## - FUENTE DE LA CATALOGACIÓN |
| Centro catalogador/agencia de origen |
DO-SdBNP |
| Lengua de catalogación |
spa |
| Centro/agencia transcriptor |
BNPHU |
| 082 #4 - NÚMERO DE LA CLASIFICACIÓN DECIMAL DEWEY |
| Número de clasificación |
RD865.44 |
| Número de documento/Ítem |
B171p, 1992 |
| Número de edición |
22 |
| 100 1# - ENTRADA PRINCIPAL--NOMBRE DE PERSONA |
| Nombre de persona |
Balaguer, Joaquín, |
| Fechas asociadas al nombre |
1906-2002 |
| 9 (RLIN) |
76556 |
| 245 10 - MENCIÓN DE TÍTULO |
| Título |
Pedestales : |
| Resto del título |
discursos históricos / |
| Mención de responsabilidad, etc. |
Joaquín Balaguer. |
| 260 ## - PUBLICACIÓN, DISTRIBUCIÓN, ETC. |
| Lugar de publicación, distribución, etc. |
Santo Domingo : |
| Nombre del editor, distribuidor, etc. |
Corripio, |
| Fecha de publicación, distribución, etc. |
1992. |
| 300 ## - DESCRIPCIÓN FÍSICA |
| Extensión |
167 p. : |
| Otras características físicas |
ilustraciones ; |
| Dimensiones |
23 cm. |
| 490 1# - MENCIÓN DE SERIE |
| Mención de serie |
Discursos |
| Designación de volumen o secuencia |
6 |
| 505 0# - NOTA DE CONTENIDO CON FORMATO |
| Título |
Invocación a Duarte -- |
| -- |
José Martí -- |
| -- |
Simón Bolívar -- |
| -- |
Benito Juárez -- |
| -- |
José de San Martín -- |
| -- |
Juan Pablo Duarte -- |
| -- |
Fabio Fiallo -- |
| -- |
Salomé Ureña -- |
| -- |
Gastón F. Deligne -- |
| -- |
Pedro Santana. |
| 590 ## - NOTA LOCAL (RLIN) |
| Nota local |
Inventariado, 2019/MFF |
| 650 #4 - PUNTO DE ACCESO ADICIONAL DE MATERIA--TÉRMINO DE MATERIA |
| Término de materia o nombre geográfico como elemento de entrada |
Discursos presidenciales |
| 9 (RLIN) |
10061 |
| 650 #4 - PUNTO DE ACCESO ADICIONAL DE MATERIA--TÉRMINO DE MATERIA |
| Término de materia o nombre geográfico como elemento de entrada |
Intelectuales |
| Subdivisión geográfica |
América Latina |
| Subdivisión general |
Ensayos, conferencias, etc. |
| 9 (RLIN) |
31869 |
| 650 #4 - PUNTO DE ACCESO ADICIONAL DE MATERIA--TÉRMINO DE MATERIA |
| Término de materia o nombre geográfico como elemento de entrada |
Libertadores |
| Subdivisión geográfica |
América Latina |
| Subdivisión general |
Ensayos, conferencias, etc. |
| 9 (RLIN) |
46352 |
| 651 #4 - PUNTO DE ACCESO ADICIONAL DE MATERIA--NOMBRE GEOGRÁFICO |
| Nombre geográfico |
República Dominicana |
| Subdivisión general |
Historia |
| -- |
Ensayos, conferencias, etc. |
| 9 (RLIN) |
7095 |
| 651 #4 - PUNTO DE ACCESO ADICIONAL DE MATERIA--NOMBRE GEOGRÁFICO |
| Nombre geográfico |
República Dominicana |
| Subdivisión general |
Presidente(1966-1978: Balaguer{Rpara} |
| -- |
Ensayos, conferencias, etc. |
| 9 (RLIN) |
46353 |
| 830 #0 - PUNTO DE ACCESO ADICIONAL DE SERIE-TÍTULO UNIFORME |
| Título uniforme |
Discursos |
| Número de parte o sección de la obra |
6 |
| 9 (RLIN) |
46357 |
| 910 ## - DATOS DE OPCIÓN DEL USUARIO (OCLC) |
| Datos de opción del usuario |
Validado. Control de calidad. EMS |
| 942 ## - ELEMENTOS DE PUNTO DE ACCESO ADICIONAL (KOHA) |
| Fuente del sistema de clasificación o colocación |
Dewey Decimal Classification |
| Tipo de ítem Koha |
Libro |